000 01497cam a22004215i 4500
999 _c522747
_d522747
001 20469801
003 NUST
005 20190109053531.0
008 180426s2018 pk b 001 0 eng
010 _a 2018306274
020 _a9789697813001
025 _aP-E-2018306274; 33
037 _bLibrary of Congress -- Islamabad Overseas Office
038 _aMuhammad Ibrahim
040 _aDLC
_beng
_cDLC
_erda
042 _alcode
043 _aa-pk---
050 0 0 _aU264.5.P18
_bN86 2018+
082 _a355
_bNUC 2018
245 0 0 _aNuclear Pakistan seeking security & stability /
_cedited by Naeem Salik.
264 1 _aIslamabad :
_bCenter for International Strategic Studies,
_c[ 2018]
300 _axx, 270 pages ;
_c23 cm
336 _atext
_btxt
_2rdacontent
337 _aunmediated
_bn
_2rdamedia
338 _avolume
_bnc
_2rdacarrier
490 0 _aCISS security series
504 _aIncludes bibliographical references and index.
650 0 _aNuclear weapons
_zPakistan.
_912988
650 0 _aCommand and control systems
_zPakistan.
_913003
650 0 _aNuclear weapons
_xGovernment policy
_zPakistan.
_912989
650 0 _aNational security
_zPakistan.
_91620
651 0 _aPakistan
_xMilitary policy.
_92426
700 1 _aSalik, Naeem,
_eeditor.
_913013
710 2 _aCenter for International Strategic Studies (Islamabad, Pakistan)
_913014
906 _a7
_bibc
_corigode
_d3
_encip
_f20
_gy-gencatlg
942 _2ddc
_cBK